00976nam a2200241Ia 4500003000400000005001700004008004100021020001800062040001800080041000800098082002200106100002500128245018400153250001200337260004400349300002700393650003000420650003900450650003100489942002600520999001900546952016900565OSt20250924113337.0210716s2016 xx 000 0 und d a9781782173250 cAIMIT LIBRARY aeng a005.768 21bPOVK aPover, Karl.9240316 aMastering QlikView data visualization : btake your QlikView skills to the next level and master the art of creating visual data analysis for real business needs /cBy Karl Pover. a1st ed. aMumbai :bPackt Publishing Ltd ,c2016. axii,273p. ;bPBc24 cm aSales perspective9240317 aWorking capital persective9240318 aBalanced scorecard9240319 2ddccBKk005.768 POVK c196680d196680 00102ddc40708MCAaAIMITbAIMITeKnowledge Worldg799.00iBill no:602; Bill dt:2019-01-24l0o005.768 POVKpMCA16195r2026-05-23 00:00:00v599.25w2021-07-16yBK